banner koha

Proceedings of the 9th International Working Conference on Stored Product Protection (Registro n. 70234)

MARC details
000 -LÍDER
campo de controle de tamanho fixo 01395nam a22004577a 4500
001 - NÚMERO DE CONTROLE
campo de controle BR0700714
003 - IDENTIFICADOR DO NÚMERO DE CONTROLE
campo de controle BR-BrBNA
005 - DATA E HORÁRIO DA ÚLTIMA TRANSAÇÃO
campo de controle 20230928102331.0
007 - CAMPO FIXO DE DESCRIÇÃO FÍSICA--INFORMAÇÃO GERAL
campo de controle de tamanho fixo ta
008 - CAMPO DE DADOS FIXOS--INFORMAÇÃO GERAL
campo de controle de tamanho fixo 230509b bl.||||| |||| 00| 0 por d
040 ## - FONTE DA CATALOGAÇÃO
Instituição da catalogação original BR-BrBNA
Idioma da catalogação por
Instituição que transcreveu o registro Biblioteca Nacional de Agricultura
041 ## - CÓDIGO DE IDIOMA
Código do idioma do texto/trilha sonora ou título diferente (Eng)
072 ## - CÓDIGO DE CATEGORIA DE ASSUNTO
Código de Categoria de Assunto J10
090 ## - NÚMERO DE CHAMADA LOCAL
-- J10 BR0700714
100 1# - ENTRADA PRINCIPAL--NOME PESSOAL
Nome pessoal Lorini, I.
100 1# - ENTRADA PRINCIPAL--NOME PESSOAL
Nome pessoal Bacaltchuk, B.
100 1# - ENTRADA PRINCIPAL--NOME PESSOAL
Nome pessoal Beckel, H.
100 1# - ENTRADA PRINCIPAL--NOME PESSOAL
Nome pessoal Deckers, D.
100 1# - ENTRADA PRINCIPAL--NOME PESSOAL
Nome pessoal Sundfeld, E.
100 1# - ENTRADA PRINCIPAL--NOME PESSOAL
Nome pessoal Santos, J.P. dos
100 1# - ENTRADA PRINCIPAL--NOME PESSOAL
Nome pessoal Biagi, J.D.
100 1# - ENTRADA PRINCIPAL--NOME PESSOAL
Nome pessoal Celaro, J.C.
100 1# - ENTRADA PRINCIPAL--NOME PESSOAL
Nome pessoal Faroni, L.R.D'A.
100 1# - ENTRADA PRINCIPAL--NOME PESSOAL
Nome pessoal Bortolini, L. de O.F.
100 1# - ENTRADA PRINCIPAL--NOME PESSOAL
Nome pessoal Sartori, M.R.
100 1# - ENTRADA PRINCIPAL--NOME PESSOAL
Nome pessoal Elias, M.C.
100 1# - ENTRADA PRINCIPAL--NOME PESSOAL
Nome pessoal Guedes, R.N.C.
100 1# - ENTRADA PRINCIPAL--NOME PESSOAL
Nome pessoal Fonseca, R.G. da
100 1# - ENTRADA PRINCIPAL--NOME PESSOAL
Nome pessoal Scussel, V.M.(eds.)
110 1# - ENTRADA PRINCIPAL--NOME CORPORATIVO
Nome corporativo ou nome da jurisdição Associação Brasileira de Pós-Colheita, Campinas, SP (Brasil)
9 (RLIN) 864
111 1# - ENTRADA PRINCIPAL--NOME DO EVENTO
Nome do evento ou lugar 9th International Working Conference on Stored Product Protection
Local do evento Campinas, SP (Brazil)
Data do evento ou assinatura do tratado 15-18 Oct 2006
245 1# - TÍTULO
Título Proceedings of the 9th International Working Conference on Stored Product Protection
260 3# - PUBLICAÇÃO, DISTRIBUIÇÃO, ETC.
Local de publicação, distribuição, etc. Campinas, SP (Brasil):
Data da publicação, distribuição, etc. 2006.
300 ## - DESCRIÇÃO FÍSICA
Extensão 1359 p.
500 ## - NOTA GERAL
Nota geral Several bibliography; Summary (Eng)
650 ## - ASSUNTO--TERMO TÓPICO
Cabeçalho tópico ou nome geográfico PRODUTO ARMAZENADO
650 ## - ASSUNTO--TERMO TÓPICO
Cabeçalho tópico ou nome geográfico PRAGA DE PRODUTO ARMAZENADO
650 ## - ASSUNTO--TERMO TÓPICO
Cabeçalho tópico ou nome geográfico DEFESA VEGETAL
909 ## -
-- 202309
-- Lucia
-- 55
-- Lucia Elande
942 ## - ELEMENTOS DE ENTRADA ADICIONADOS (KOHA)
Tipo de material Koha Livros
Exemplares
Situação do descarte Fonte da classificação ou esquema de arquivamento na estante Situação física Não pode ser emprestado Coleção Biblioteca de origem Biblioteca atual Total de empréstimos Número de telefone completo Código de barras Data de último acesso Número do exemplar Tipo de material Koha Situação das perdas Data de aquisição Fonte de aquisição
  Classificação AGRIS       Biblioteca Nacional de Agricultura - Binagri Biblioteca Nacional de Agricultura - Binagri   J10 BR0700714 J10 BR0700714 25/09/2023 01 Livros   2023-09-25 Portaria Interministerial nº 164/94

BINAGRI

Telefone: (61)3218-2567/2388/3357/2097 - binagri@agro.gov.br

Ministério da Agricultura e Pecuária , Esplanada dos Ministérios, Bloco D, Anexo B, Brasília/DF, CEP: 70.043-900